000 00646nmm a2200253 a 4500
003 AR-BaBNM
005 20251128203629.0
008 097019s1945 ||||||||||||||000 | spa||
040 _cAR-BaBNM
100 1 _aBrum, Blanca Luz
245 1 0 _a21 poetas, 21 pueblos
246 1 _aVeintiún poetas, veintiún pueblos
260 _aBuenos Aires
_bBlanca Luz Brum
_c1945
300 0 _a109 p.
650 4 _aLITERATURA LATINOAMERICANA
650 4 _aLITERATURA ESTADOUNIDENSE
650 4 _aESCRITORES
650 4 _aPOESIA
650 4 _aANTOLOGIAS
650 4 _aCULTURAS LITERARIAS
655 _aLITERATURA
942 _cBK
998 _cMARTIN
999 _c4232
_d4232